| 000 | 01383cam a22003254a 4500 | ||
|---|---|---|---|
| 001 | 13327474 | ||
| 005 | 20170105102854.0 | ||
| 008 | 030828s2004 enk b 001 0 eng | ||
| 010 | _a 2003062511 | ||
| 020 | _a0415700027 | ||
| 040 |
_aDLC _cDLC _dDLC |
||
| 042 | _apcc | ||
| 043 |
_an-us--- _aa-ii--- |
||
| 050 | 0 | 0 |
_aLC212.42 _b.W45 2004 |
| 082 | 0 | 0 |
_a379.26 _222 |
| 100 | 1 | _aWeisskopf, Thomas E. | |
| 245 | 1 | 0 |
_aAffirmative action in the United States and India : _ba comparative perspective / _cThomas E. Weisskopf. |
| 260 |
_aLondon ; _aNew York : _bRoutledge, _c2004. |
||
| 300 |
_axvi, 286 p. ; _c24 cm. |
||
| 440 | 0 |
_aRoutledge frontiers of political economy ; _v56 |
|
| 504 | _aIncludes bibliographical references (p. [270]-277) and index. | ||
| 650 | 0 |
_aDiscrimination in higher education _zUnited States. |
|
| 650 | 0 |
_aDiscrimination in higher education _zIndia. |
|
| 650 | 0 |
_aAffirmative action programs in education _xGovernment policy _zUnited States. |
|
| 650 | 0 |
_aAffirmative action programs in education _xGovernment policy _zIndia. |
|
| 856 | 4 | 2 |
_3Publisher description _uhttp://www.loc.gov/catdir/enhancements/fy0651/2003062511-d.html |
| 906 |
_a7 _bcbc _corignew _d1 _eocip _f20 _gy-gencatlg |
||
| 942 |
_2ddc _cBK |
||
| 999 |
_c14394 _d14394 |
||